|
|
|
|
| LEADER |
00799nab a2200229 i 4500 |
| 001 |
misc65128 |
| 005 |
20230515133158.0 |
| 008 |
230331s1941 hu o 0|| tur d |
| 040 |
|
|
|a SZTE Miscellanea Repozitórium
|b hun
|
| 041 |
|
|
|a tur
|
| 100 |
1 |
|
|a Turan Osman
|
| 245 |
1 |
0 |
|a Çingiz adı hakkında
|h [elektronikus dokumentum] /
|c Turan Osman
|
| 260 |
|
|
|a Maarif Matbaası
|b İstanbul
|c 1941
|
| 300 |
|
|
|a 267-276
|c 24 cm
|
| 300 |
|
|
|a [10] p.
|c 24 cm
|
| 490 |
0 |
|
|a Belleten
|
| 561 |
|
|
|a Németh Gyula hagyaték
|
| 591 |
|
|
|a NOA 6198
|
| 650 |
|
4 |
|a Bölcsészettudományok
|
| 650 |
|
4 |
|a Nyelvek és irodalom
|
| 695 |
|
|
|a Dzsingisz - kán - Mongol Birodalom, Mongol nyelv - etimológia, Személynevek - mongol - etimológia
|
| 856 |
4 |
0 |
|u http://misc.bibl.u-szeged.hu/65128/1/6198_noa.pdf
|z Dokumentum-elérés
|